Name a sports team... - Statistics

General Stats
  • This quiz has been taken 69 times
  • The average score is 13 of 15
Answer Stats
# Hint Team % Correct
3 Teams based in Ohio with a color in their name Columbus Blue Jackets | Cincinnati Reds | Cleveland Browns
97%
6 MLB teams sharing a market with at least one other team Los Angeles Angels | Los Angeles Dodgers | Chicago White Sox | Chicago Cubs | New York Yankees | New York Mets
95%
6 Most titles in their league (For NFL pre- and post- Super Bowl Era answers accepted) New York Yankees (27) | Boston Celtics (18) | Green Bay Packers (13 combined) | Pittsburgh Steelers (6 Super Bowl Era) | New England Patriots (6 Super Bowl Era) | Montreal Canadiens (25)
95%
2 Teams with a number in their name Philadelphia 76ers | San Francisco 49ers
95%
2 Teams based in Indiana Indianapolis Colts | Indiana Pacers
94%
5 NBA team serving a market as its sole team Orlando Magic | Portland Trailblazers | San Antonio Spurs |Memphis Grizzlies | Oklahoma City Thunder
94%
2 Non- NHL teams based in Canada Toronto Blue Jays | Toronto Raptors
89%
2 NFL team serving a market as its sole team Green Bay Packers | Jacksonville Jaguars
87%
6 Teams serving cities with populations less than 1 million Green Bay Packers | Winnipeg Jets | New Orleans Saints | New Orleans Pelicans | Buffalo Bills | Buffalo Sabres
85%
3 NBA teams named for a state (rather than a city) Minnesota Timberwolves | Utah Jazz | Indiana Pacers
85%
4 NFL teams in the NFC East New York Giants | Philadelphia Eagles | Dallas Cowboys | Washington Commanders
85%
5 NBA team names with alliteration Cleveland Cavaliers | Los Angeles Lakers | New York Knicks | San Antonio Spurs | Washington Wizards
82%
4 MLB teams named for a state (rather than a city) Texas Rangers | Colorado Rockies | Minnesota Twins | Arizona Diamondbacks
76%
1 MLB team serving a market as its sole team San Diego Padres
50%
2 NHL teams that relocated from Atlanta Winnipeg Jets | Calgary Flames
50%
No matching quizzes found
Score Distribution
Percent of People with Each Score
Percentile by Number Answered
Your Score History
You have not taken this quiz